000 00485nam a2200181Ia 4500
005 20250326123728.0
008 250326s9999 xx 000 0 und d
037 _aTextbook
040 _aFMSL
_beng
_cFMSL
041 _aeng
_2eng
084 _aX:8D P0
_qFMSL
100 _aFell L
_9735921
245 0 _aInterduction to ficial products and markets
_cFell L
260 _aNY
_bNY, Continuum
_c2000
300 _a228p
942 _cTB
_hX:8D P0
999 _c1270691
_d1270691